Chandrakumarar kabita samagra (Record no. 3724)
[ view plain ]
| 000 -LEADER | |
|---|---|
| fixed length control field | 00521cam a2200205ua 4500 |
| 001 - CONTROL NUMBER | |
| control field | 3903 |
| 005 - DATE AND TIME OF LATEST TRANSACTION | |
| control field | 20260515113741.0 |
| 008 - FIXED-LENGTH DATA ELEMENTS--GENERAL INFORMATION | |
| fixed length control field | 111208n ii |||gr||||Z||||||asm |
| 020 ## - INTERNATIONAL STANDARD BOOK NUMBER | |
| International Standard Book Number | 81-7339-031-2 |
| 040 ## - CATALOGING SOURCE | |
| Transcribing agency | MAIN |
| 082 ## - DEWEY DECIMAL CLASSIFICATION NUMBER | |
| Classification number | 891.4511 |
| 100 ## - MAIN ENTRY--PERSONAL NAME | |
| Personal name | Saikia, Nagen, |
| Relator term | Editor., |
| 245 11 - TITLE STATEMENT | |
| Title | Chandrakumarar kabita samagra |
| Statement of responsibility, etc. | ed. by Nagen Saikia |
| 250 ## - EDITION STATEMENT | |
| Edition statement | 1st. |
| 260 ## - PUBLICATION, DISTRIBUTION, ETC. | |
| Place of publication, distribution, etc. | Dibrugarh: |
| Name of publisher, distributor, etc. | Banalata,993. |
| 300 ## - PHYSICAL DESCRIPTION | |
| Extent | 128p: |
| Dimensions | 23cm. |
| 653 ## - INDEX TERM--UNCONTROLLED | |
| Uncontrolled term | Assamese poem |
| 653 ## - INDEX TERM--UNCONTROLLED | |
| Uncontrolled term | Chandrakumarar kabita samagra |
| 942 ## - ADDED ENTRY ELEMENTS (KOHA) | |
| Koha item type | Books |
| Withdrawn status | Lost status | Damaged status | Not for loan | Home library | Current library | Shelving location | Date acquired | Total checkouts | Full call number | Barcode | Date last seen | Copy number | Price effective from | Koha item type | Date last checked out |
|---|---|---|---|---|---|---|---|---|---|---|---|---|---|---|---|
| Naharkatiya College Library | Naharkatiya College Library | General stacks | 09/19/2020 | 891.4511 | CHA | 10025 | 09/19/2020 | 5 | 09/19/2020 | Books | ||||||
| Naharkatiya College Library | Naharkatiya College Library | General stacks | 09/19/2020 | 891.4511 | CHA | 10026 | 09/19/2020 | 2 | 09/19/2020 | Books | ||||||
| Naharkatiya College Library | Naharkatiya College Library | General stacks | 09/19/2020 | 891.4511 | CHA | 10027 | 09/19/2020 | 12 | 09/19/2020 | Books | ||||||
| Naharkatiya College Library | Naharkatiya College Library | General stacks | 09/19/2020 | 891.4511 | CHA | 10028 | 09/19/2020 | 7 | 09/19/2020 | Books | ||||||
| Naharkatiya College Library | Naharkatiya College Library | General stacks | 09/19/2020 | 891.4511 | CHA | 10029 | 09/19/2020 | 10 | 09/19/2020 | Books | ||||||
| Naharkatiya College Library | Naharkatiya College Library | General stacks | 09/19/2020 | 891.4511 | CHA | 10030 | 09/19/2020 | 9 | 09/19/2020 | Books | ||||||
| Naharkatiya College Library | Naharkatiya College Library | General stacks | 09/19/2020 | 891.4511 | CHA | 10031 | 09/19/2020 | 3 | 09/19/2020 | Books | ||||||
| Naharkatiya College Library | Naharkatiya College Library | General stacks | 09/19/2020 | 1 | 891.4511 | CHA | 10032 | 11/12/2021 | 13 | 09/19/2020 | Books | 11/03/2021 | ||||
| Naharkatiya College Library | Naharkatiya College Library | General stacks | 09/19/2020 | 891.4511 | CHA | 10033 | 09/19/2020 | 8 | 09/19/2020 | Books | ||||||
| Naharkatiya College Library | Naharkatiya College Library | General stacks | 09/19/2020 | 891.4511 | CHA | 7783 | 09/19/2020 | 6 | 09/19/2020 | Books | ||||||
| Naharkatiya College Library | Naharkatiya College Library | General stacks | 09/19/2020 | 891.4511 | CHA | 7784 | 09/19/2020 | 11 | 09/19/2020 | Books | ||||||
| Naharkatiya College Library | Naharkatiya College Library | General stacks | 09/19/2020 | 891.4511 | CHA | 7785 | 09/19/2020 | 4 | 09/19/2020 | Books | ||||||
| Naharkatiya College Library | Naharkatiya College Library | General stacks | 09/19/2020 | 891.4511 | CHA | 7786 | 09/19/2020 | 1 | 09/19/2020 | Books |